Statistics for Episodes of The Sarah Jane Adventures

Click here to take the quiz!

General Stats

  • This quiz has been taken 26 times
  • The average score is 16 of 27

Answer Stats

HintAnswer% Correct
S1E2Revenge of the Slitheen
84%
S5E1Sky
84%
S4E3Death of the Doctor
74%
S2E1The Last Sontaran
74%
S1E1Invasion of the Bane
68%
S2E2The Day of the Clown
68%
S4E1The Nightmare Man
68%
S1E3Eye of the Gorgon
63%
S4E6Goodbye, Sarah Jane Smith
63%
S5E2The Curse of Clyde Langer
63%
S4E4The Empty Planet
63%
S3E6The Gift
63%
S2E5The Temptation of Sarah Jane Smith
63%
S3E3The Wedding of Sarah Jane Smith
63%
S1E4Warriors of Kudlak
63%
S3E1Prisoner of the Judoon
58%
S1E6The Lost Boy
58%
S5E3The Man Who Never Was
58%
S1E5Whatever Happened to Sarah Jane Smith?
53%
S2E6Enemy of the Bane
47%
S3E2The Mad Woman in the Attic
47%
S2E4The Mark of the Berserker
42%
S3E4The Eternity Trap
37%
S4E2The Vault of Secrets
37%
S4E5Lost in Time
32%
S3E5Mona Lisa's Revenge
32%
S2E3Secrets of the Stars
32%

Score Distribution

Percentile by Number Answered

Percent of People with Each Score

Your Score History

You have not taken this quiz